Beiträge zum römischen Adoptionsrecht

Bibliographic Details
Main Author: Bergman, Gunnar (Author)
Other Authors: Lindqvist, Axel, Ekwall, Eilert, Fehrman, D.
Format: Book
Language:German
PhysicalDescription:157 s. 25 cm
Published: Lund [etc.] C.W.K. Gleerup [etc.] 1912
Series:Acta universitatis Lundensis Nova series

MARC

LEADER 00000cam a2200000 a 4500
001 vtls001352744
003 SK-MaSNL
005 20260301010408.0
008 251113s1912 sw 00000 ger
035 |a SNK000306131 
040 |a SNK  |b slo  |c SNK  |e AACR2 
041 0 |a ger 
044 |a sw  |c SE 
100 1 |a Bergman, Gunnar  |4 aut  |9 292139 
245 1 |a Beiträge zum römischen Adoptionsrecht  |c von C. Gunnar Bergman 
260 |a Lund [etc.]  |b C.W.K. Gleerup [etc.] 1912  |e Lund  |f Hakan Ohlsson 
300 |a 157 s.  |c 25 cm 
490 1 |a Acta universitatis Lundensis. Nova series  |v 8/1 
700 1 2 |a Lindqvist, Axel  |t Förskjutningar i forhallandet mellan Grammatiskt och psykologiskt subjekt i svenskan  |9 292140 
700 1 2 |a Ekwall, Eilert  |t On the origin and history of the unchanged plural in English  |9 292141 
700 1 2 |a Fehrman, D.  |t Carl Fredrik af Wingard sasom biskop öfter Göteborgs stift  |9 292142 
830 0 |a Acta universitatis Lundensis  |p Nova series  |9 292143 
958 |a ONDV 
999 |c 548010  |d 549940 
952 |t P60, <04>, [BOOK], {604}  |a SNK  |b SNK  |y VYP  |7 0  |o snkIB 1087/8/1-5  |i snk4066/47  |0 0  |1 0  |4 0  |d 1999-01-18  |l 0  |r 2005-01-02 00:00:00  |w 2026-02-23